000 01469nam0a2200325 4500
001 RU\NLR\b_ik\92001
005 20250616224720.0
035 _a(NLR Aleph) 002166052
090 _a2590263
_c2590263
100 _a20021022d2000 |||y0rusy50 ca
101 0 _aeng
_drus
102 _aRU
105 _aa |||||||||
200 1 _aConceptual features of front-end electronics for a new time-of-flight technology
_fV. Akimov, A, Akindinov, V. Golovine et al.
210 _aM.
_cИТЭФ
_d2000
215 _a7 с.
_cсхем.
_d21
225 1 _aInstitute of theoretical and experimental physics
_v47-00
300 _aВ вып. дан.: Концептуальные особенности измерительной электроники для новой времяпролетной технологии / В. Акимов и др.
300 _aРез. на рус. яз.
320 _aБиблиогр.: с. 7 (8 назв.)
517 0 _aКонцептуальные особенности измерительной электроники для новой времяпролетной технологии
606 0 _aВремя-пролетные масс-спектрометры
_xПроектирование
_92231805
_3RU\NLR\AUTH\661339534
686 1 _aВ381.57
701 1 _aAkimov
_bV.
_4070
701 1 _aAkindinov
_bA. V.
_4070
701 1 _aGolovin
_bV.
_4070
801 0 _aRU
_bNLR
_c20021022
_gPSBO
942 _cBOOK
980 _aNB